[Event "Agzamov mem"]
[Site "Tashkent"]
[Date "1986.??.??"]
[Round "15"]
[White "Loginov, Valery A"]
[Black "Epishin, Vladimir"]
[Result "0-1"]
[WhiteElo "2355"]
[BlackElo "2370"]

1.Nf3 Nf6 2.c4 c6 3.d4 d5 4.Nc3 dxc4 5.a4 Bf5 6.e3 e6 7.Bxc4 Bb4 8.O-O Nbd7
9.Qe2 Ne4 10.Na2 Bd6 11.Bd3 Bg6 12.Nc3 Nef6 13.e4 e5 14.dxe5 Nxe5 15.Nxe5 Bxe5
16.h3 O-O 17.f4 Bxc3 18.bxc3 Bxe4 19.Bxe4 Re8 20.Bxh7+ Kxh7 21.Qf3 Qd5 22.Be3 Qxf3
23.Rxf3 Ne4 24.Rd1 Nxc3 25.Rd7 Nd5 26.Bd4 Re7 27.Rxe7 Nxe7 28.f5 Nd5 29.a5 b6
30.Ra3 c5 31.axb6 cxd4 32.bxa7 Ne7 33.g4 Nc8 34.Rd3 Nxa7 35.Rxd4 Nc6 36.Rd2 Ne5
37.Kg2 f6 38.Rb2 Ra3 39.Rb8 Nf3 40.Rb4 Nh4+ 41.Kh2 Kh6 42.Rb7 Kg5 43.Kg1 Ra2
44.Kf1 Nf3  0-1

[Event "Tirnavia"]
[Site "Trnava"]
[Date "1986.??.??"]
[Round "2"]
[White "Lukacs, Peter"]
[Black "Priehoda, Vitezslav"]
[Result "0-1"]
[WhiteElo "2460"]
[BlackElo "2370"]

1.d4 d5 2.c4 c6 3.Nc3 Nf6 4.Nf3 dxc4 5.a4 Bf5 6.e3 e6 7.Bxc4 Bb4 8.O-O Nbd7
9.Nh4 Bg6 10.Nxg6 hxg6 11.h3 g5 12.Be2 Qa5 13.Na2 Bd6 14.Bd2 Qf5 15.f3 e5
16.e4 Qe6 17.Bxg5 exd4 18.Bd3 Nh7 19.Bc1 g5 20.e5 Nxe5 21.Re1 O-O-O 22.Bd2 Qf6
23.Bb4 Qf4 24.Re4 Qf6 25.Rc1 Bc7 26.Be1 Nf8 27.b4 Ne6 28.b5 Nf4 29.Bf1 d3
30.Bf2 Qd6 31.Rxf4 gxf4 32.Bxa7 Qa3 33.Nc3 Qb2 34.bxc6 Nxc6 35.Nb5 Bb8 36.Rc3 Bxa7+
37.Nxa7+ Kc7 38.Bxd3 Qb6+ 39.Kh2 Qxa7  0-1

[Event "Vienna op"]
[Site "Vienna"]
[Date "1986.??.??"]
[Round "?"]
[White "Spassky, Boris V"]
[Black "Mednis, Edmar John"]
[Result "1/2-1/2"]
[WhiteElo "2610"]
[BlackElo "2455"]

1.d4 d5 2.c4 c6 3.Nf3 Nf6 4.Nc3 dxc4 5.a4 Bf5 6.e3 e6 7.Bxc4 Bb4 8.O-O O-O
9.Qe2 Nbd7 10.e4 Bg6 11.Bd3 Bh5 12.Bf4 Re8 13.e5  1/2-1/2

[Event "Vienna op"]
[Site "Vienna"]
[Date "1986.??.??"]
[Round "?"]
[White "Portisch, Ferenc"]
[Black "Weinzettl, Ernst"]
[Result "1/2-1/2"]
[WhiteElo "2420"]
[BlackElo "2295"]

1.d4 Nf6 2.c4 c6 3.Nc3 d5 4.Nf3 dxc4 5.a4 Bf5 6.Ne5 Nbd7 7.Nxc4 Nb6 8.e3 e6
9.a5 Nxc4 10.Bxc4 Bd6 11.Be2 Qc7 12.h3 O-O 13.O-O e5 14.dxe5 Bxe5 15.Bf3 Rfe8
16.Bd2 Rad8 17.Qc1 Qc8 18.Rd1 Bb8 19.Ne2 Be4 20.Bxe4 Nxe4 21.Be1 Qc7  1/2-1/2

[Event "Vrnjacka Banja"]
[Site "Vrnjacka Banja"]
[Date "1986.??.??"]
[Round "?"]
[White "Vaisser, Anatoli"]
[Black "Matulovic, Milan"]
[Result "1/2-1/2"]
[WhiteElo "2510"]
[BlackElo "2485"]

1.d4 d5 2.c4 c6 3.Nf3 Nf6 4.Nc3 dxc4 5.a4 Bf5 6.Ne5 e6 7.f3 Bb4 8.Bg5 c5
9.dxc5 Qd5 10.Qxd5 exd5 11.O-O-O Bxc3 12.bxc3 Nc6 13.Nxc6 bxc6 14.g4 Bg6
15.Bf4 O-O 16.h4 h5 17.g5 Nd7 18.Bd6 Rfb8 19.Bxb8 Rxb8 20.e4 Nxc5 21.exd5 cxd5
22.Rxd5 Nxa4 23.Kd2 Rb2+ 24.Ke3 Rc2 25.Bxc4 Rxc3+ 26.Kd4 Rxf3 27.Rf1 Rh3
28.Rf4 Nb6 29.Ra5 Nxc4 30.Kxc4 Rh1 31.Rxa7 Rc1+ 32.Kd5 Kh7 33.Kd6 Re1 34.Re7 Rd1+
35.Kc7 Rc1+ 36.Kd8 Rd1+ 37.Rd7 Re1 38.Rd6 Re2 39.Rd7 Re1 40.Rc7 Re2 41.Rb7 Re1
42.Rb8 Re5 43.Rb7 Re1 44.Kd7 Rd1+ 45.Ke7 Re1+ 46.Kd6 Rd1+ 47.Ke5 Re1+ 48.Kd4 Rd1+
49.Kc5 Rc1+ 50.Rc4 Re1 51.Rf4 Rc1+ 52.Kd4 Rd1+ 53.Ke3 Rd3+ 54.Ke2 Rd5 55.Re7 Rc5
56.Rd4 Rc2+ 57.Ke3 Rc1 58.Ra7  1/2-1/2

[Event "Altensteig"]
[Site "Altensteig"]
[Date "1987.??.??"]
[Round "?"]
[White "Ftacnik, Lubomir"]
[Black "Westerinen, Heikki MJ"]
[Result "1-0"]
[WhiteElo "2545"]
[BlackElo "2375"]

1.d4 d5 2.c4 c6 3.Nf3 Nf6 4.Nc3 dxc4 5.a4 Bf5 6.Ne5 e6 7.f3 Bb4 8.h4 h6 9.Nxc4 c5
10.dxc5 Qxd1+ 11.Kxd1 Bxc5 12.e4 Bg6 13.Nb5 Na6 14.Nbd6+ Ke7 15.Nxb7 Nd7
16.Nca5 Nab8 17.Nxc5 Nxc5 18.Be3 Rd8+ 19.Ke1 Nd3+ 20.Bxd3 Rxd3 21.Ke2 Rd7
22.h5 Bh7 23.Rhd1 f6 24.b4 Bg8 25.Bc5+ Ke8 26.Bd6 Na6 27.b5 Nc7 28.Bxc7 Rxc7
29.Rac1 Rxc1 30.Rxc1 Kd7 31.Rc6 Bf7 32.Ra6 Bxh5 33.b6 Rb8 34.Rxa7+ Kd6 35.Nc4+ Kc5
36.Rc7+ Kb4 37.b7 Kxa4 38.Nb6+ Kb5 39.Nd7  1-0

[Event "Banja Luka"]
[Site "Banja Luka"]
[Date "1987.??.??"]
[Round "9"]
[White "Wiedenkeller, Michael"]
[Black "Matulovic, Milan"]
[Result "1-0"]
[WhiteElo "2460"]
[BlackElo "2485"]

1.d4 d5 2.c4 c6 3.Nf3 Nf6 4.Nc3 dxc4 5.a4 Bf5 6.Ne5 e6 7.g3 Bb4 8.Bg2 Ne4
9.Bxe4 Bxe4 10.O-O Bg6 11.Nxc4 O-O 12.Qb3 a5 13.Rd1 Nd7 14.Bf4 Nb6 15.Na2 Qd5
16.Rdc1 Nxc4 17.Nxb4 axb4 18.Rxc4 b5 19.Rxb4 Qxb3 20.Rxb3 bxa4 21.Rb4 Bc2
22.Rc4 Bb3 23.Rxc6 Rfc8 24.Rac1 Rxc6 25.Rxc6 f6 26.Bd6 Ra7 27.f3 Kf7 28.e4 Ke8
29.Rb6 Bc4 30.Kf2 Rd7 31.Ke3 h5 32.h4 Kf7 33.Bc5 Bb3 34.Rb8 Bd1 35.Kf4 Kg6
36.Rb6 Kf7 37.Bd6 Bb3 38.g4 hxg4 39.fxg4 Kg8 40.Bc5 Rc7 41.g5 Kf7 42.h5 g6
43.Bd6 Ra7 44.gxf6 gxh5 45.Kg5 Rd7 46.Bc5 e5 47.d5 Bxd5 48.exd5 Rxd5 49.Rb7+ Kg8
50.Kg6 Rxc5 51.Rb8+  1-0

[Event "Beersheba"]
[Site "Beersheba"]
[Date "1987.??.??"]
[Round "?"]
[White "Rechlis, Gad"]
[Black "Greenfeld, Alon"]
[Result "1/2-1/2"]
[WhiteElo "2445"]
[BlackElo "2515"]

1.d4 Nf6 2.Nf3 d5 3.c4 c6 4.Nc3 dxc4 5.a4 Bf5 6.e3 e6 7.Bxc4 Bb4 8.O-O Nbd7
9.Qe2 Bg6 10.e4 Bxc3 11.bxc3 Nxe4 12.Ba3 Qc7 13.Qe3 Nb6 14.Bb3 Nd5 15.Bxd5 exd5
16.Ng5 O-O-O 17.Nxe4 Bxe4 18.a5 Rhe8 19.Rfe1 Re6 20.Qh3 Re8 21.f3 Bd3 22.Re3 Bg6
23.Rae1 Kd7 24.Bb4 Qf4 25.Rxe6 Rxe6 26.Rxe6 fxe6 27.Qg3 Qc1+ 28.Kf2 c5 29.Bxc5 Qd2+
30.Kg1 Qe3+ 31.Qf2 Qxc3 32.h4 Qa1+ 33.Kh2 Qxa5 34.h5 Bf5 35.g4 Bd3 36.Qe3 Qa2+
37.Kg3 Qb1 38.Bxa7 Qf1 39.Bc5 Be2 40.Kf4 g5+ 41.hxg6 hxg6 42.Qa3 Bb5 43.Qb3 Qd3
44.Qxd3 Bxd3 45.Ke3 Bb1 46.Kd2 Ke8 47.g5  1/2-1/2

[Event "Noviki-B"]
[Site "Budapest"]
[Date "1987.??.??"]
[Round "?"]
[White "Petran, Pal"]
[Black "Barczay, Laszlo"]
[Result "1/2-1/2"]
[WhiteElo "2400"]
[BlackElo "2405"]

1.d4 d5 2.Nf3 Nf6 3.c4 c6 4.Nc3 dxc4 5.a4 Bf5 6.e3 e6 7.Bxc4 Bb4 8.O-O Nbd7
9.Qe2 Bg6 10.e4 O-O 11.e5 Nd5 12.Nxd5 cxd5 13.Bd3 a6  1/2-1/2

[Event "Debrecen"]
[Site "Debrecen"]
[Date "1987.??.??"]
[Round "2"]
[White "Karsa, Laszlo"]
[Black "Meduna, Eduard"]
[Result "1/2-1/2"]
[WhiteElo "2435"]
[BlackElo "2515"]

1.d4 d5 2.c4 c6 3.Nc3 Nf6 4.Nf3 dxc4 5.a4 Bf5 6.e3 e6 7.a5 Nbd7 8.Bxc4 Bd6
9.O-O O-O 10.h3 h6 11.Qe2  1/2-1/2

[Event "Frunze"]
[Site "Frunze"]
[Date "1987.??.??"]
[Round "?"]
[White "Kanstler, Boris"]
[Black "Imanaliev, Taalaibek"]
[Result "1-0"]
[WhiteElo "2450"]
[BlackElo "2385"]

1.d4 d5 2.c4 c6 3.Nc3 Nf6 4.Nf3 dxc4 5.a4 Bf5 6.e3 e6 7.Bxc4 Bb4 8.O-O Nbd7
9.Ne5 O-O 10.f3 Nxe5 11.dxe5 Nd7 12.e4 Bg6 13.Be3 Nxe5 14.Be2 f6 15.Na2 Ba5
16.Qb3 Bb6 17.Rad1 Bxe3+ 18.Qxe3 Qe7 19.Nc3 Bf7 20.Rd2 Rfd8 21.Rxd8+ Qxd8
22.Rd1 Qe7 23.Qd4 a5 24.Qb6 Ng6 25.e5 Nxe5 26.Ne4 Be8 27.Nc5 Nf7 28.Nxb7 Rb8
29.Ba6 Kf8 30.Qxa5 Rxb7 31.Bxb7 Qxb7 32.Qc5+ Qe7 33.b4 Bd7 34.Rxd7  1-0

[Event "Gausdal zt"]
[Site "Gausdal"]
[Date "1987.??.??"]
[Round "?"]
[White "Ogaard, Leif"]
[Black "Tiller, Bjorn"]
[Result "1-0"]
[WhiteElo "2425"]
[BlackElo "2400"]

1.d4 d5 2.c4 c6 3.Nf3 Nf6 4.Nc3 dxc4 5.a4 Bf5 6.e3 e6 7.Bxc4 Bb4 8.O-O Nbd7
9.Qe2 Bg6 10.e4 Bxc3 11.bxc3 Nxe4 12.Ba3 Qc7 13.Rfc1 Nd6 14.Bxe6 O-O 15.Bxd7 Qxd7
16.Ne5 Qe6 17.Qb2 Rab8 18.Qb4 Rfd8 19.Re1 Qf5 20.Re3 Bh5 21.Qa5 Qc2 22.Bxd6 Rxd6
23.Qxa7 Rdd8 24.Rae1 f6 25.Nd7 Ra8 26.Qxb7 Rxa4 27.Qxc6 Rxd4 28.Qe6+ Bf7
29.Nxf6+ gxf6 30.Rg3+ Qg6 31.Rxg6+ hxg6 32.Qe2 Rd2 33.Qg4 Rc2 34.Qf3 Kg7
35.h4 Rc8 36.Re3 Rc4 37.Qg3 Kh6 38.Rf3 Kh5 39.Rf4 R2xc3 40.f3 Rc1+ 41.Kh2 Be6
42.Rxc4 Rxc4 43.Qd6 Rxh4+ 44.Kg3 Bf5 45.Qxf6  1-0

[Event "Graz op"]
[Site "Graz"]
[Date "1987.??.??"]
[Round "5"]
[White "Cebalo, Miso"]
[Black "Hergott, Deen"]
[Result "1-0"]
[WhiteElo "2500"]
[BlackElo "2300"]

1.d4 Nf6 2.Nf3 d5 3.c4 dxc4 4.Nc3 c6 5.a4 Bf5 6.e3 e6 7.Bxc4 Bb4 8.O-O O-O
9.Qb3 Qe7 10.a5 Nbd7 11.Ra4 b5 12.axb6 a5 13.b7 Ra7 14.Na2 Rxb7 15.Nxb4 axb4
16.Bd2 c5 17.Ra5 Ne4 18.Rd1 Nxd2 19.Rxd2 Be4 20.Qd1 Rc7 21.dxc5 Nxc5 22.b3 Bb7
23.h3 Ne4 24.Rd4 Nc3 25.Qd3 Bxf3 26.gxf3 Rc5 27.Rxc5 Qxc5 28.Rg4 g6 29.h4 Ra8
30.Kg2 Kg7 31.Rf4 Rf8 32.Qd7 Nd5 33.Bxd5 Qxd5 34.Qxd5 exd5 35.Rxb4 Kf6 36.f4 Ra8
37.Rb6+ Ke7 38.Kf3 Ra2 39.Rb8 h5 40.b4 Rb2 41.b5 Kf6 42.b6 Kf5 43.Kg3 Rb3
44.b7 Kf6 45.Kg2 Rb1 46.f3 Rb2+ 47.Kf1 Kf5 48.Ke1 Kf6 49.Kd1 Kf5 50.Kc1 Rb6
51.Kd2 Rb3 52.Kc2 Rb6 53.Kd3 Rb4 54.Kc3 Rb6 55.Kd4 Rb5 56.e4+ dxe4 57.fxe4+ Kxf4
58.Kc4 Rb1 59.Kd5 Kg4 60.Kc6 Rc1+ 61.Kd6 Rb1 62.Ke7 Kxh4 63.Kxf7 g5 64.e5 g4
65.e6 g3 66.e7 g2 67.e8=Q Rf1+ 68.Kg6 g1=Q+ 69.Kh7 Re1 70.Qd8+ Kh3 71.Rc8  1-0

[Event "Graz op"]
[Site "Graz"]
[Date "1987.??.??"]
[Round "6"]
[White "Cebalo, Miso"]
[Black "Ninov, Kiril"]
[Result "1/2-1/2"]
[WhiteElo "2500"]
[BlackElo "2425"]

1.d4 d5 2.c4 c6 3.Nc3 Nf6 4.Nf3 dxc4 5.a4 Bf5 6.e3 e6 7.Bxc4 Bb4 8.O-O O-O
9.Qb3 Qe7 10.Nh4 Nbd7 11.f3 Bg6 12.Nxg6 hxg6 13.e4 e5 14.Ne2 exd4 15.Nxd4 a5
16.Be3 Rad8 17.Rad1 Nc5 18.Qc2 Nd5 19.Bf2 Nb6 20.b3 Nxc4 21.Qxc4 Nd7 22.g3 Rfe8
23.Kg2 Ne5 24.Qe2 Bc5 25.f4 Ng4 26.Qxg4  1/2-1/2

[Event "DSV-Turnier"]
[Site "Halle"]
[Date "1987.??.??"]
[Round "?"]
[White "Gelfand, Boris"]
[Black "Chekhov, Valery A"]
[Result "1-0"]
[WhiteElo "2510"]
[BlackElo "2505"]

1.d4 d5 2.Nf3 Nf6 3.c4 c6 4.Nc3 dxc4 5.a4 Bf5 6.Ne5 e6 7.g3 Bb4 8.Bg2 Ne4
9.O-O Nxc3 10.bxc3 Bxc3 11.Ba3 a5 12.Nxc4 Bb4 13.Bb2 O-O 14.e4 Bg6 15.h4 f6
16.h5 Bf7 17.h6 g6 18.e5 Nd7 19.Qe2 f5 20.Nd6 Rb8 21.Ba3 Bxa3 22.Rxa3 Nb6
23.Qb2 Be8 24.Rb1 Nd5 25.Nxb7 Qg5 26.f4 Qxh6 27.Qc1 g5 28.fxg5 Qg7 29.Rab3 f4
30.Nc5 Rxb3 31.Rxb3 fxg3 32.Nxe6 Qf7 33.Nxf8 Nf4 34.Qf1 Ne2+ 35.Qxe2 Qxb3
36.Qf3 Qc4 37.Qf4 Bf7 38.Nd7 Qd3 39.e6  1-0

[Event "DSV-Turnier"]
[Site "Halle"]
[Date "1987.??.??"]
[Round "?"]
[White "Haba, Petr"]
[Black "Horvath, Csaba"]
[Result "1/2-1/2"]
[WhiteElo "2440"]
[BlackElo "2455"]

1.d4 d5 2.Nf3 Nf6 3.c4 c6 4.Nc3 dxc4 5.a4 Bf5 6.Ne5 e6 7.f3 Bb4 8.Nxc4 O-O
9.Bg5 h6 10.Bh4 c5 11.dxc5 Qxd1+ 12.Rxd1 Bc2 13.Rd2 Bb3 14.e4 Nbd7 15.Bf2 Rfd8
16.Be2 Bxc4 17.Bxc4 Nxc5 18.Bxc5  1/2-1/2

[Event "DSV-Turnier"]
[Site "Halle"]
[Date "1987.??.??"]
[Round "?"]
[White "Tomaszewski, Roman"]
[Black "Horvath, Csaba"]
[Result "0-1"]
[WhiteElo "2435"]
[BlackElo "2455"]

1.d4 d5 2.c4 c6 3.Nc3 Nf6 4.Nf3 dxc4 5.a4 Bf5 6.e3 e6 7.Bxc4 Bb4 8.O-O O-O
9.Nh4 Nbd7 10.f3 Bg6 11.Nxg6 hxg6 12.Qc2 Rc8 13.Rd1 Qe7 14.Kh1 c5 15.d5 Nb6
16.d6 Qd8 17.Be2 Rc6 18.e4 Rxd6 19.Bf4 Rxd1+ 20.Rxd1 Qc8 21.Na2 a5 22.Bb5 Rd8
23.Rc1 Nbd7 24.Nxb4 axb4 25.Bd6 b6 26.Be7 Re8 27.Bxf6 gxf6 28.Rd1 Re7 29.Rd6 Qc7
30.Qd2 Nb8 31.Rd8+ Kg7 32.Qd6 Qxd6 33.Rxd6 Rb7 34.Rd8 f5 35.e5 c4 36.Kg1 c3
37.bxc3 b3 38.Rd2 Rc7 39.c4 Nc6 40.Rb2 Na5 41.f4 f6 42.exf6+ Kxf6 43.Kf2 e5
44.fxe5+ Kxe5 45.Ke3 Rxc4 46.Kd3 Re4 47.Kc3 Re3+ 48.Kb4 Re1 49.Rd2 g5 50.h3 Kf4
51.Bc4 Rc1 52.Be6 Rc2 53.Rd1 b2 54.Rb1 Ke4 55.Ba2 Rxg2 56.Kb5 Kd4 57.Kxb6 Nc4+
58.Kb5 Na3+  0-1

[Event "Leningrad"]
[Site "Leningrad"]
[Date "1987.??.??"]
[Round "?"]
[White "Tukmakov, Vladimir B"]
[Black "Chandler, Murray G"]
[Result "1/2-1/2"]
[WhiteElo "2575"]
[BlackElo "2595"]

1.d4 d5 2.c4 dxc4 3.Nf3 Nf6 4.Nc3 c6 5.a4 Bf5 6.e3 e6 7.Bxc4 Bb4 8.O-O Nbd7
9.Nh4 O-O 10.f3 Bg6 11.Nxg6 hxg6 12.Qc2 Rc8 13.Rd1 Qe7 14.a5 c5 15.Qb3 Rfd8
16.a6 bxa6 17.Bxa6 Rb8 18.Qc2 Nb6 19.Ne2 Rd7 20.Kh1 Rbd8 21.Rf1 Rc7 22.dxc5 Rxc5
23.Qb3 Rh5 24.e4 Bd2 25.Nf4 Rh4 26.g3 Rh6 27.Nd5 exd5 28.Bxd2 Rh5 29.exd5 Nfxd5
30.Rf2 Re5 31.Bf1 Qc5 32.Kg1 Rde8 33.Qd3 Qc7 34.Ra5 Rd8 35.Qa3 Nc4 36.Bxc4 Qxc4
37.Rxa7 Rde8 38.Ra8 Rxa8 39.Qxa8+ Kh7 40.Qa7 Re7 41.Qa1  1/2-1/2

[Event "Leningrad"]
[Site "Leningrad"]
[Date "1987.??.??"]
[Round "?"]
[White "Jussupow, Artur"]
[Black "Torre, Eugenio"]
[Result "1-0"]
[WhiteElo "2645"]
[BlackElo "2540"]

1.d4 d5 2.c4 c6 3.Nf3 Nf6 4.Nc3 dxc4 5.a4 Bf5 6.e3 e6 7.Bxc4 Bb4 8.O-O O-O
9.Nh4 Bg4 10.f3 Bh5 11.g4 Bg6 12.e4 Nbd7 13.g5 Ne8 14.Nxg6 hxg6 15.Be3 Nc7
16.Qd2 c5 17.Rad1 Qe7 18.d5 exd5 19.exd5 Ne8 20.Bf4 Ne5 21.d6 Nxd6 22.Ba2 c4
23.Nd5 Bc5+ 24.Kh1 Qe6 25.Bxe5  1-0

[Event "Moscow-A"]
[Site "Moscow"]
[Date "1987.??.??"]
[Round "?"]
[White "Razuvaev, Yuri S"]
[Black "Petursson, Margeir"]
[Result "0-1"]
[WhiteElo "2510"]
[BlackElo "2535"]

1.d4 d5 2.Nf3 Nf6 3.c4 c6 4.Nc3 dxc4 5.a4 Bf5 6.e3 e6 7.Bxc4 Bb4 8.O-O O-O
9.Qe2 Nbd7 10.e4 Bg6 11.Bd3 Bh5 12.e5 Nd5 13.Nxd5 cxd5 14.Qe3 Be7 15.Bd2 Nb8
16.Ne1 Bg6 17.f4 Bxd3 18.Nxd3 f5 19.exf6 Rxf6 20.g4 Nc6 21.g5 Rf7 22.Bc3 Qd7
23.Rae1 Raf8 24.b4 Bd6 25.b5 Nd8 26.Ba5 b6 27.Bb4 Bxb4 28.Nxb4 Rf5 29.Rc1 e5
30.dxe5 Ne6 31.Nd3 Qf7 32.Rf2 d4 33.Qg3 Qd7 34.Rc6 Qd5 35.g6 hxg6 36.Qxg6 Nxf4
37.Nxf4 Rxf4 38.Rxf4 Rxf4 39.Rc8+ Rf8 40.Qc6 Qf7 41.Rxf8+ Kxf8 42.Qd6+ Kg8
43.Qd8+ Kh7 44.Qxd4 Qg6+ 45.Kf2 Qf5+ 46.Kg3 Qg5+ 47.Kf3 Qh5+ 48.Ke4 Qg4+
49.Kd5 Qd7+ 50.Kc4 Qc8+ 51.Kb4 Qf8+ 52.Kb3 Qf3+ 53.Kc4 Qf7+ 54.Kc3 g6 55.Qe4 Qe6
56.h4 Kg7 57.Kd4 Qd7+ 58.Kc4 Qe6+ 59.Qd5 Qg4+ 60.Qd4 Qe6+ 61.Kc3 Qh3+ 62.Kc4 Qe6+
63.Kb4 Qe7+ 64.Kb3 Qe6+ 65.Kb2 Kf7 66.Qf4+ Kg7 67.Qe4 Kh6 68.Kc3 Qh3+ 69.Kd2 Qe6
70.Ke1 Kg7 71.Qb7+ Kh6 72.Qb8 Kh5 73.Qd6 Qc4 74.e6 Qxh4+ 75.Kf1 Qh3+ 76.Kf2 Qh4+
77.Qg3 Qf6+ 78.Qf3+ Kg5 79.e7 Qxe7 80.Qd5+ Kh6 81.Qd4 g5 82.Kg3 Qe1+ 83.Kf3 Qe6
84.Kg3 Kg6 85.Qd3+ Kf6 86.Qf3+ Ke5 87.Qc3+ Ke4 88.Qc6+ Qd5 89.Kg4 Kd4 90.Kh5 Qd8
91.Kg4 Qe7 92.Kh5 Kd3 93.Kg4 Qe4+ 94.Kxg5 Qxa4 95.Kf5 Qc4 96.Qd7+ Kc3 97.Qxa7 Qxb5+
98.Kg6 Qd3+ 99.Kh6 b5 100.Qg7+ Kc2 101.Qb7 Qd2+ 102.Kh7 b4 103.Kg8 Qg5+ 104.Kh8 Qh4+
105.Kg8 Qc4+ 106.Kh8 b3 107.Qg2+ Kc3 108.Qg3+ Kb2 109.Qg2+ Qc2 110.Qb7 Qc3+
111.Kg8 Qc4+ 112.Kh8 Ka3 113.Qg2 Qd4+ 114.Kg8 b2 115.Qf3+ Kb4 116.Qb7+ Kc3
117.Qf3+ Kd2 118.Qg2+ Kd3 119.Qf3+ Kc2 120.Qe2+ Kb3 121.Qf3+ Qc3 122.Qb7+ Qb4
123.Qf3+ Ka2 124.Qe2 Ka3 125.Qa6+ Qa4 126.Qd6+ Ka2 127.Qd2 Qe8+ 128.Kh7 Qe4+
129.Kg8 Kb3 130.Qd1+ Kc3  0-1

[Event "Moscow ch"]
[Site "Moscow"]
[Date "1987.??.??"]
[Round "?"]
[White "Naumkin, Igor"]
[Black "Smagin, Sergey"]
[Result "1-0"]
[WhiteElo "2445"]
[BlackElo "2505"]

1.d4 d5 2.c4 c6 3.Nc3 Nf6 4.Nf3 dxc4 5.a4 Bf5 6.e3 e6 7.Bxc4 Bb4 8.O-O Nbd7
9.Nh4 Bg4 10.f3 Bh5 11.g4 Nd5 12.Ng2 Bg6 13.Na2 Bd6 14.e4 Ne7 15.Nc3 h5 16.g5 h4
17.f4 Qa5 18.Ne3 O-O-O 19.Be2 Nb6 20.Bd2 Bxf4 21.Rxf4 Rxd4 22.Qc1 Rhd8 23.Be1 Qxg5+
24.Rg4 Qc5 25.Ncd5 Qxc1 26.Nxe7+ Kd7 27.Rxc1 Bh5 28.Rxg7 Bxe2 29.Ng8 Kc8
30.Bxh4 Rf8 31.a5 Nd7 32.Rc2 Bb5 33.Nf6 Nxf6 34.Bxf6 Rxe4 35.Rg3 Ra4 36.h4 Rxa5
37.h5 Ra1+ 38.Kh2 Bd3 39.Rcg2 Ra4 40.Rg4 Ra5 41.Rh4 Rb5 42.h6 Rb3 43.Nc4 Bh7
44.Rg7 Bg6 45.Rxg6 fxg6 46.h7 b5 47.h8=Q Rxh8 48.Rxh8+ Kc7 49.Be5+ Kd7 50.Rh7+ Ke8
51.Nd6+  1-0

[Event "Munich zt"]
[Site "Munich"]
[Date "1987.??.??"]
[Round "?"]
[White "Birnboim, Nathan"]
[Black "Greenfeld, Alon"]
[Result "0-1"]
[WhiteElo "2465"]
[BlackElo "2515"]

1.d4 d5 2.c4 c6 3.Nf3 Nf6 4.Nc3 dxc4 5.a4 Bf5 6.e3 e6 7.Bxc4 Bb4 8.O-O Nbd7
9.Nh4 Bg4 10.f3 Bh5 11.g4 Bg6 12.Ng2 Qa5 13.Na2 Bd6 14.e4 O-O-O 15.Qe2 e5
16.g5 Nh5 17.Bd2 Qc7 18.d5 Bc5+ 19.Kh1 h6 20.gxh6 f5 21.Nh4 f4 22.Nxg6 Rxh6
23.Rg1 Rh7 24.Be1 Bxg1 25.Kxg1 Qd6 26.Nh4 Rdh8 27.dxc6 bxc6 28.Rd1 Qf6 29.Qg2 g5
30.Nf5 Ng7 31.Rd6 Qd8 32.Rxc6+ Kb8 33.Nd6 Nb6 34.Bb3 Rxh2 35.Qxh2 Rxh2 36.Kxh2 Ne8
37.Nf5 Qd3 38.Bf2 Qxf3 39.Bxb6 Qxb3 40.Ba5 Qxa2 41.Bc3 Qxa4 42.Bxe5+ Kb7
43.Nd4 g4 44.Rc3 Nd6 45.Ra3 Qd1 46.Rc3 Qd2+  0-1

[Event "Netanya op"]
[Site "Netanya"]
[Date "1987.??.??"]
[Round "7"]
[White "Birnboim, Nathan"]
[Black "Shvidler, Eliahu"]
[Result "1-0"]
[WhiteElo "2465"]
[BlackElo "2450"]

1.d4 d5 2.c4 c6 3.Nf3 Nf6 4.Nc3 dxc4 5.a4 Bf5 6.Ne5 Nbd7 7.Nxc4 Qc7 8.g3 e5
9.dxe5 Nxe5 10.Bf4 Rd8 11.Qc1 Bd6 12.Nxd6+ Qxd6 13.Bg2 Qe7 14.O-O a5 15.Qe3 Nc4
16.Qxe7+ Kxe7 17.e4 Be6 18.Rfe1 h6 19.b3 Nb2 20.Bc7 Rd3 21.Bxa5 b6 22.Bb4+ c5
23.Nd5+ Bxd5 24.exd5+ Kd6 25.Ba3 Rd2 26.Ra2 Nc4 27.Rxd2 Nxd2 28.Rd1 Nde4
29.Bb2 Re8 30.f3 Ng5 31.f4 Nge4 32.Be5+ Rxe5 33.fxe5+ Kxe5 34.Bxe4 Nxe4 35.Kg2 f5
36.Kf3 g5 37.Rd3 h5 38.Ke3 g4 39.Ke2 Kd6 40.Ke3 Ke5 41.b4 cxb4 42.Rd4 h4
43.Rxb4 hxg3 44.hxg3 Nxg3 45.d6 f4+ 46.Rxf4 Kxd6 47.Kf2 Nh5 48.Rxg4 Nf6 49.Rg6 Ke5
50.Ke3 Nd5+ 51.Kd2 Kd4 52.Kc2 Kc4 53.Rg5 Kc5 54.Kd3 Kc6 55.Rg6+ Kb7 56.Kc4 Ne3+
57.Kd4 Nf5+ 58.Ke4  1-0

[Event "URS-ch otbor"]
[Site "Norilsk"]
[Date "1987.??.??"]
[Round "?"]
[White "Gelfand, Boris"]
[Black "Smagin, Sergey"]
[Result "1-0"]
[WhiteElo "2510"]
[BlackElo "2555"]

1.d4 d5 2.c4 c6 3.Nf3 Nf6 4.Nc3 dxc4 5.a4 Bf5 6.Ne5 e6 7.f3 Bb4 8.h4 h6 9.e4 Bh7
10.Bxc4 Nbd7 11.Nd3 Ba5 12.Be3 Qe7 13.Qd2 O-O 14.g4 e5 15.dxe5 Nxe5 16.Nxe5 Qxe5
17.Bd4 Qg3+ 18.Qf2 Qf4 19.Qe3 Qg3+ 20.Kf1 Bb6 21.Qf2 Qxf2+ 22.Bxf2 Rfd8 23.Bxb6 axb6
24.Ke2 Nd7 25.g5 Ne5 26.Bb3 Rd4 27.Rhd1 Rad8 28.f4 Rxd1 29.Rxd1 Rxd1 30.Nxd1 Ng6
31.f5 Nxh4 32.g6 Nxg6 33.fxg6 Bxg6 34.Kf3 Bh5+ 35.Kg3 Kf8 36.Ne3 Be2 37.Nf5 Bd3
38.Kf3 c5 39.Bd5 Ba6 40.Nd6 f6 41.Bxb7 Bxb7 42.Nxb7 Ke7 43.a5 bxa5 44.Nxc5 Kd6
45.Nb7+ Ke5 46.Nxa5 g5 47.Nc6+ Kd6 48.Nd4 Kc5 49.Nf5 h5 50.Ng7  1-0

[Event "URS-ch otbor"]
[Site "Norilsk"]
[Date "1987.??.??"]
[Round "?"]
[White "Huzman, Alexander"]
[Black "Moskalenko, Viktor"]
[Result "1/2-1/2"]
[WhiteElo "2500"]
[BlackElo "2435"]

1.d4 d5 2.c4 c6 3.Nf3 Nf6 4.Nc3 dxc4 5.a4 Bf5 6.e3 e6 7.Bxc4 Bb4 8.O-O Nbd7
9.Bd2 a5 10.Re1 O-O 11.Rc1 Qb6 12.h3 Ne4 13.Ba2 Nxd2 14.Nxd2 Bg6 15.Qe2 Nf6
16.Nf3 Rad8 17.Ne5 c5 18.Nxg6 hxg6 19.dxc5 Qxc5 20.Nd5 Qd6 21.Nxf6+ gxf6
22.Red1 Qb6 23.Rxd8 Rxd8 24.Rd1 Rxd1+ 25.Qxd1 Qd6  1/2-1/2

[Event "Pancevo"]
[Site "Pancevo"]
[Date "1987.??.??"]
[Round "?"]
[White "Orlov, Pavle"]
[Black "Marjanovic, Slavoljub"]
[Result "1/2-1/2"]
[WhiteElo "2405"]
[BlackElo "2505"]

1.d4 Nf6 2.Nf3 d5 3.c4 dxc4 4.Nc3 c6 5.a4 Bf5 6.e3 e6 7.Bxc4 Bb4 8.O-O Nbd7
9.Qe2 Ne4 10.Nxe4 Bxe4 11.Rd1 O-O  1/2-1/2

[Event "Pavlodar"]
[Site "Pavlodar"]
[Date "1987.??.??"]
[Round "?"]
[White "Sideif Sade, Fikret I"]
[Black "Dokhoian, Yury"]
[Result "0-1"]
[WhiteElo "2385"]
[BlackElo "2525"]

1.d4 d5 2.c4 c6 3.Nf3 Nf6 4.Nc3 dxc4 5.a4 Bf5 6.Ne5 e6 7.f3 Bb4 8.Nxc4 O-O
9.Bg5 h6 10.Bh4 c5 11.dxc5 Qxd1+ 12.Rxd1 Bc2 13.Rd2 Bb3 14.e4 Nbd7 15.Bxf6 Nxf6
16.Nd6 Rab8 17.Bc4 Bxc4 18.Nxc4 Rfc8 19.Rd3 Rxc5 20.Ne3 Rbc8 21.Kd2 Kf8 22.Nc2 Bxc3+
23.Rxc3 Rxc3 24.bxc3 Nd7 25.Rb1 Rc7 26.Nd4 a6 27.Rb4 Ke7 28.Nb3 b6 29.Kd3 Ne5+
30.Kc2 Nd7 31.Kd3 g5 32.Kc2 Rc8 33.Nc1 h5 34.Nd3 f6 35.Kd2 a5 36.Rb5 Rc4
37.Nb2 Rc5 38.Rb3 Kd6 39.Nd3 Rc4 40.Nb2 Rc6 41.Nd3 h4 42.Ke3 Nc5 43.e5+ fxe5
44.Nxc5 Kxc5 45.Rb5+ Kc4 46.Rxe5 Kb3 47.Rxg5 Rxc3+ 48.Kd2 Rc4 49.g4 hxg3
50.hxg3 Kxa4 51.g4 b5 52.Re5 b4 53.Rxe6 b3 54.g5 b2 55.Rb6 Ka3 56.g6 Rb4  0-1

[Event "POL-ch"]
[Site "?"]
[Date "1987.??.??"]
[Round "?"]
[White "Panczyk, Krzysztof"]
[Black "Tomaszewski, Roman"]
[Result "0-1"]
[WhiteElo "2410"]
[BlackElo "2380"]

1.d4 d5 2.c4 c6 3.Nc3 Nf6 4.Nf3 dxc4 5.a4 Bf5 6.e3 e6 7.Bxc4 Bb4 8.O-O Nbd7
9.Qe2 Bg6 10.e4 Bxc3 11.bxc3 Nxe4 12.Ba3 Qc7 13.Qb2 b6 14.Rfe1 c5 15.d5 e5
16.Bd3 Nef6 17.Bxg6 hxg6 18.Nxe5 Nxe5 19.c4 Nd7 20.f4 f6 21.fxe5 Nxe5 22.d6 Qxd6
23.Rad1 Qe6 24.Qb5+ Kf7 25.Bb2 Rhd8 26.Bxe5 fxe5 27.Qb2 e4 28.Qf2+ Kg8 29.Qh4 Rxd1
30.Rxd1 Re8 31.Rd8 e3 32.Rxe8+ Qxe8 33.Kf1 Qd7  0-1

[Event "ARG-ch"]
[Site "Salta"]
[Date "1987.??.??"]
[Round "8"]
[White "Schwanek, Carlos"]
[Black "Campora, Daniel H"]
[Result "1/2-1/2"]
[WhiteElo "2275"]
[BlackElo "2550"]

1.d4 d5 2.c4 c6 3.Nf3 Nf6 4.Nc3 dxc4 5.a4 Bf5 6.e3 e6 7.Bxc4 Bb4 8.O-O O-O
9.Qe2 Ne4 10.Nxe4 Bxe4 11.Rd1 Nd7 12.Bd2 Bd6 13.Bd3 Bxd3 14.Qxd3 Qe7 15.e4 h6
16.a5 Rfd8 17.Qb3 b6 18.axb6 axb6 19.Be3 Rac8 20.Rac1 c5 21.Qb5 Qe8 22.dxc5 Bxc5
23.b4 Bxe3 24.Rxc8 Rxc8 25.fxe3 Nf6 26.Qxb6 Nxe4 27.Ne5 f6 28.Qb7 f5 29.h3 Nf6
30.b5 Rb8 31.Qc6 Rxb5 32.Nd7 Nxd7 33.Qxb5 Nf6 34.Qe5 Kf7 35.Rb1 Qe7 36.Qb8 Nd7
37.Qc8 Qd6 38.Qc3 Nf6 39.Kh1 Kg6 40.Qb4 Qd3 41.Qb3 Qe4 42.Ra1 Nd5 43.Ra3 Qe5
44.Qd3 Kh7 45.Qe2 Qe4 46.Qf3 Qb4 47.Rd3 Qb1+ 48.Rd1 Qc2 49.Rd4 Qc1+ 50.Rd1 Qxe3
51.Qxe3 Nxe3 52.Rd6 e5 53.Kg1 Kg8 54.Kf2 f4 55.Re6 Nc4 56.Rc6 Nd2 57.Ke2 Nb3
58.Kd3 Kf7 59.Ke4 Nd2+ 60.Kxe5 f3 61.gxf3 Nxf3+ 62.Kf4 Nd4 63.Ra6 Ne6+ 64.Kf5 Nd4+
65.Ke5 Nf3+ 66.Kf5 Nd4+ 67.Ke5 Nf3+ 68.Kf4 Nh4 69.Kg4 Ng6 70.h4 Ne7 71.h5 g6  1/2-1/2